Writing feature arcticles / (Record no. 1623)

000 -LEADER
fixed length control field 00604nam a22002415a 4500
001 - CONTROL NUMBER
control field 14027196
003 - CONTROL NUMBER IDENTIFIER
control field OSt
005 - DATE AND TIME OF LATEST TRANSACTION
control field 20150416171947.0
008 - FIXED-LENGTH DATA ELEMENTS--GENERAL INFORMATION
fixed length control field 050706s2005 mau 000 0 eng
010 ## - LIBRARY OF CONGRESS CONTROL NUMBER
LC control number 2005930297
040 ## - CATALOGING SOURCE
Original cataloging agency DLC
Transcribing agency DLC
042 ## - AUTHENTICATION CODE
Authentication code pcc
050 ## - LIBRARY OF CONGRESS CALL NUMBER
Classification number PN4784.H46 2013
100 1# - MAIN ENTRY--PERSONAL NAME
Personal name Hennessy, Brendan.
245 10 - TITLE STATEMENT
Title Writing feature arcticles /
Statement of responsibility, etc Brendan Hennessy.
250 ## - EDITION STATEMENT
Edition statement 4th ed.
260 ## - PUBLICATION, DISTRIBUTION, ETC. (IMPRINT)
Place of publication, distribution, etc Boston, MA :
Name of publisher, distributor, etc Elsevier,
Date of publication, distribution, etc 2013.
263 ## - PROJECTED PUBLICATION DATE
Projected publication date 0509
300 ## - PHYSICAL DESCRIPTION
Extent p. cm.
906 ## - LOCAL DATA ELEMENT F, LDF (RLIN)
a 0
b ibc
c orignew
d 2
e epcn
f 20
g y-gencatlg
942 ## - ADDED ENTRY ELEMENTS (KOHA)
Source of classification or shelving scheme
Koha item type Book
Holdings
Withdrawn status Lost status Source of classification or shelving scheme Damaged status Not for loan Home library Current library Shelving location Date acquired Total Checkouts Full call number Barcode Date last seen Date checked out Copy number Price effective from Koha item type Total Renewals
          Riara University Library Riara University Library General stack 16/04/2015 4 PN 4784 .H46 2013 5601/15 05/09/2025 19/08/2025 C.1 16/04/2015 Book  
          Riara University Library Riara University Library General stack 16/04/2015 7 PN 4784 .H46 2013 5602/15 08/11/2023 31/10/2023 C.2 16/04/2015 Book 1
          Riara University Library Riara University Library General stack 16/04/2015 2 PN 4784 .H46 2013 5603/15 09/03/2016 22/02/2016 C.3 16/04/2015 Book  

Riara University Library,
P.O. Box 49940-00100,
Nairobi, Kenya.